00866nam a2200205Ia 4500100001800000250000600018942000700024654000700031245004300038260004400081082001800125300000800143546001200151999001700163952009600180952009600276952009600372952009600468952009600564 aGayakwad/R.A  a4 cBK aop aOp Amps and Linear Integrated Circuits bPrentice Hall of IndiaaNew Delhic2000 a621.3815bGAY a543 aENGLISH c18589d18589 001040708CRCaCRCEbCRCEd2023-03-17l0o621.3815 GAYp15994r2023-03-17w2023-03-17yBK 001040708CRCaCRCEbCRCEd2023-03-17l0o621.3815 GAYp15995r2023-03-17w2023-03-17yBK 001040708CRCaCRCEbCRCEd2023-03-17l0o621.3815 GAYp15996r2023-03-17w2023-03-17yBK 001040708CRCaCRCEbCRCEd2023-03-17l0o621.3815 GAYp15997r2023-03-17w2023-03-17yBK 001040708CRCaCRCEbCRCEd2023-03-17l0o621.3815 GAYp15998r2023-03-17w2023-03-17yBK